Внешний вид здания городского Художественного музея в Нижнем Новгороде

RUSMARC
00005931ckm2a2200000#x 450
00116e7e38f-82f0-4aa7-ba12-1b947ba3daf0
00520220411101315.0
100##$a20140423l18961917k l0rusy0189 ca
1010#$arus
102##$aRU
2001#$aВнешний вид здания городского Художественного музея в Нижнем Новгороде
$eб/д
$j[1896-1917]
251##$cДело
801#0$aRU
$bРГИА
$c20140423
801#1$aRU
$bГлавНИВЦ
$c20140423
$2rusmarc
801#2$aRU
$bПБ им. Б.Н. Ельцина
$c20160229
$gRCR
$2rusmarc
850##$aФедеральное казенное учреждение "Российский государственный исторический архив"
852##$aРГИА
$j973
937##$hРГИА
$d11164581
$aASBIBLIO_SCAN
462#0$1001074eb75f-1902-4909-a924-b21579da7b9b
$12001
$aКоллекция фотографий Техническо-строительного комитета МВД древних и архитектурно-скульптурных памятников России
$vД. 973
$1251
$cОпись
$1852
$j169
461#0$1001597a3917-b61a-443f-a337-cac2b95e7413
$12001
$aТехническо-строительный комитет МВД
$1251
$cФонд
$1852
$j1293
215##$a1 лист
$cфот.
$d37х27 см
371##$aДокумент не является опубликованным и широко распространяемым
105##$aa###
1222#$ad1896######
$ad1917######
035##$a16e7e38f-82f0-4aa7-ba12-1b947ba3daf0
324##$aГрафика
300##$aФотография черно-белая, наклеена на картон. В конверте. На лицевой стороне, сверху, написано от руки, чернилами: Городской художественный и исторический музей в Н. Новгороде (общий вид). Внизу, под фотографией, имеется логотип фотоателье, выполненный тиснением: М. Дмитриев. Н. Новгород
300##$aОригинальный заголовок дела: Нижегородская губерния. Город Нижний Новгород. Здание городского Художественного музея (внешний вид) : б/д
5171#$aНижегородская губерния. Город Нижний Новгород. Здание городского Художественного музея (внешний вид)
$eб/д
605##$2acquisition_Prlib
$3LIBNET\UAF\0000040015
$aТерритория России: Нижегородская область
$lколлекция
605##$2acquisition_Prlib
$3LIBNET\UAF\0000040013
$aНижегородская область: страницы истории
$lколлекция
605##$2acquisition_Prlib
$3DITM\AF\0000004675
$aТерритория
$lколлекция
617##$2prlib_sh
$3LIBNET\UAF\0000100287
$aНижегородская губерния
617##$2prlib_sh
$3LIBNET\UAF\0000100286
$aНижегородская область
60102$2prlib_sh
$3LIBNET\UAF\0000086107
$aНижегородский городской художественный и исторический музей
$jАрхивные дела
686##$2rubbk
$3LBC/M
$a63.3(28-8Ниж)5-7я611
Формат отображения
из 5